| 000 | 01252nam a22002657a 4500 | ||
|---|---|---|---|
| 003 | OSt | ||
| 005 | 20221014095429.0 | ||
| 008 | 220823t2017 ck ||||jr|||| 00| 1dspa d | ||
| 020 | _a9789584262783 | ||
| 020 | _a9584262785 | ||
| 040 |
_aCO-JMCR _cCO-JMCR |
||
| 041 | 0 | _aspa | |
| 082 |
_aT / _bBONt |
||
| 100 |
_aBonnett, Piedad, _eautora _942327 |
||
| 245 | 1 | 0 |
_aTres obras de teatro : _bgato por liebre : algún día nos iremos : máxima seguridad / _cPiedad Bonnett |
| 246 | 3 | 3 | _aGato por liebre |
| 246 | 3 | 3 | _aAlgún día nos iremos |
| 246 | 3 | 3 | _aMáxima seguridad |
| 250 | _aSegunda edición | ||
| 260 |
_aBogotá : _bPlaneta, _c2017 |
||
| 300 |
_a180 páginas : _c20 cm. |
||
| 440 |
_aColección Planeta lector _942328 |
||
| 520 | _a"Algún día nos iremos" transcurre en el espacio amplio pero asfixiante de una cada donde pasan sus días cinco hermanos huérfanos de padre y madre. "Gato por liebre" recrea el monólogo de Ester Ramírez, una mujer pueblerina nacida en la década de los cuarenta. Y "Máxima Seguridad" dramatiza el translado inmimente de un delicuente a otra penitencia por su colaboración con la justicia que terminará por desatar en la cárcel una situación de caos y desenfreno absolutos. | ||
| 942 |
_2ddc _cBK |
||
| 999 |
_c29736 _d16120 |
||